Literature - American | 5 | 5 | 0 | 0 | 125 | 42 | 69.60 | 0 | 3 |
Literature - World and Miscellaneous | 4 | 4 | 0 | 0 | 100 | 46 | 79.50 | 0 | 2 |
Fine Arts - Painting | 1 | 7 | 0 | 0 | 85 | 33 | 82.50 | 1 | 1 |
Science - Biology | 2 | 5 | 0 | 0 | 80 | 38 | 81.71 | 1 | 1 |
Literature - British | 2 | 5 | 0 | 0 | 80 | 62 | 93.86 | 0 | 0 |
Fine Arts - Music | 0 | 8 | 0 | 0 | 80 | 67 | 95.00 | 1 | 1 |
History - Cross, Historiography, and Miscellaneous | 1 | 6 | 0 | 0 | 75 | 58 | 85.57 | 0 | 1 |
Literature - European | 0 | 7 | 0 | 0 | 70 | 63 | 91.00 | 0 | 0 |
History - American | 1 | 5 | 0 | 0 | 65 | 56 | 77.67 | 0 | 0 |
History - European | 1 | 5 | 0 | 0 | 65 | 50 | 90.33 | 0 | 0 |
History - World | 1 | 4 | 0 | 0 | 55 | 17 | 73.00 | 0 | 1 |
Other - Other Academic and General Knowledge | 0 | 4 | 0 | 0 | 40 | 59 | 73.75 | 0 | 0 |
Current Events - U.S. | 1 | 2 | 0 | 0 | 35 | 55 | 87.33 | 0 | 0 |
Current Events - World | 1 | 2 | 0 | 0 | 35 | 36 | 67.67 | 1 | 1 |
RMP - Philosophy | 1 | 2 | 0 | 0 | 35 | 59 | 91.00 | 0 | 0 |
Fine Arts - Photography | 1 | 1 | 0 | 0 | 25 | 66 | 78.00 | 0 | 0 |
Science - Chemistry | 0 | 2 | 0 | 0 | 20 | 71 | 80.00 | 0 | 0 |
Fine Arts - Opera | 1 | 0 | 0 | 0 | 15 | 46 | 46.00 | 0 | 1 |
Social Science - Other | 1 | 0 | 0 | 0 | 15 | 58 | 58.00 | 0 | 0 |
Geography - United States | 1 | 0 | 0 | 0 | 15 | 34 | 34.00 | 0 | 1 |
Science - Earth | 0 | 1 | 0 | 0 | 10 | 52 | 52.00 | 0 | 0 |
Geography - World | 0 | 1 | 0 | 0 | 10 | 92 | 92.00 | 0 | 0 |
Fine Arts - Miscellaneous | 0 | 1 | 0 | 0 | 10 | 93 | 93.00 | 0 | 0 |
RMP - Christian Practice | 0 | 1 | 0 | 0 | 10 | 74 | 74.00 | 0 | 0 |
Social Science - Sociology | 0 | 1 | 0 | 0 | 10 | 108 | 108.00 | 0 | 0 |
RMP - World Mythology | 0 | 1 | 0 | 0 | 10 | 104 | 104.00 | 0 | 0 |
Social Science - Psychology | 0 | 1 | 0 | 0 | 10 | 73 | 73.00 | 0 | 0 |
Fine Arts - Architecture | 0 | 0 | 0 | 0 | 0 | | 0.00 | 0 | 0 |
RMP - Hinduism | 0 | 0 | 0 | 0 | 0 | | 0.00 | 0 | 0 |
Science - Engineering and Miscellaneous | 0 | 0 | 0 | 0 | 0 | | 0.00 | 0 | 0 |